000 00572nam a2200181 i 4500
001 75833
003 ES-MaACL
005 20230906172621.0
007 t|
008 040928s1970 sp ||||1| spa d
100 1 _aGraux, Daniel.
_959770
245 1 0 _aFundamentos de mecánica del suelo, proyecto de muros y cimentaciones /
_cDaniel Graux ; prólogo [y traducción] de J.J. Sanz Llano.
250 _a[1ª ed.].
260 _aBarcelona :
_bEta,
_c1970.
300 _av. :
_bil. ;
_c25 cm.
700 1 _aSanz Llano, J. J.
_9103656
852 _aES-MaACL
_jP-1555
_bR.75027
999 _c75833
_d75833